| 000 | 00806nam a2200241Ia 4500 | ||
|---|---|---|---|
| 999 |
_c5173 _d5173 |
||
| 003 | OSt | ||
| 005 | 20200408005527.0 | ||
| 008 | 191128s1973 ag gr 001 0 spa d | ||
| 040 |
_aCO-JMCR _cCO-JMCR |
||
| 041 | 0 | _aspa | |
| 082 | 0 | 4 |
_a323.042 / _bG672p _221 |
| 100 | 1 |
_aGordillo, Agustín A., _eautor _92778 |
|
| 245 | 1 | 0 |
_aPlanificación, participación y libertad : _ben el proceso de cambio / _cAgustín A. Gordillo |
| 260 |
_aBuenos Aires : _bMacchi, _c1973 |
||
| 300 |
_axiv, 284 páginas ; _c22 cm. |
||
| 500 | _aIncluye índice alfabético. | ||
| 504 | _aBibliografía: páginas 277-284 | ||
| 505 | 0 | _aPlanificación -- Participación -- Libertad | |
| 650 | 1 | 4 |
_aPolítica económica _92779 |
| 650 | 1 | 4 |
_aBalanza de pagos _92780 |
| 650 | 1 | 4 |
_aParticipación social _92781 |
| 942 |
_2ddc _cBK |
||